|
|
|
|
| LEADER |
00699nab a2200181 i 4500 |
| 001 |
misc24631 |
| 005 |
20191111110754.0 |
| 008 |
171012s1856 hu o 0|| zxx d |
| 040 |
|
|
|a SZTE Miscellanea Repozitórium
|b hun
|
| 041 |
|
|
|a zxx
|
| 100 |
3 |
|
|a Demosthenes
|
| 245 |
1 |
0 |
|a Ausgewaehlte Reden des Demosthenes
|h [elektronikus dokumentum] :
|b Bd. 1. /
|c Demosthenes
|
| 260 |
|
|
|c 1856
|
| 300 |
|
|
|a 1-30
|
| 490 |
0 |
|
|a Kolligátum
|
| 695 |
|
|
|a Görög irodalom - próza, Görögország története - i. e. 5. sz. - forrás, Latin irodalom - próza, Róma története - i. e. 1. sz. - forrás
|
| 700 |
0 |
1 |
|a Westermann Anton
|
| 856 |
4 |
0 |
|u http://misc.bibl.u-szeged.hu/24631/1/011_023_001-030.pdf
|z Dokumentum-elérés
|